000 00945cam a22002653a 4500
001 707
003 PGUSA
005 20140828082951.0
008 961101s1996||||xxu|||||s|||||000 1 eng d
040 _aPGUSA
_beng
042 _adc
050 4 _aPR
100 1 _aHornung, E. W.
_q(Ernest William),
_d1866-1921
245 1 0 _aRaffles :
_bFurther Adventures of the Amateur Cracksman
_h[electronic resource] /
_cE. W. Hornung
260 _bProject Gutenberg,
_c1996
505 0 _aNo sinecure -- A jubilee present -- The fate of Faustina -- The last laugh -- To catch a thief -- An old flame -- The wrong house -- The knees of the gods.
506 _aPublic domain in the USA.
516 _aElectronic text
653 _aMystery fiction
653 _aRaffles (Fictitious character) -- Fiction
653 _aCriminals -- England -- Fiction
830 0 _aProject Gutenberg
_v707
856 4 0 _uhttp://www.gutenberg.org/ebooks/707
942 _cEB
999 _c230058
_d230058